000 00784nam a2200277Ia 4500
001 Para_5058
003 CHAP
008 220125s1969 xx 000 0 und d
010 _a203357
040 _cCHAP
082 _aPA-C 632.7 T45
100 _aThompson, W.R.
_9165340
245 _aA catalogue of the parasites and predators of insect pests /
_c by W.R. Thompson and F.J. Simmonds
260 _aEngland :
_b Commonwealth Agricultural Bureaux
300 _av
500 _aLa biblioteca tiene: v. 3 y v. 4
650 _aInsectos
_958888
700 _aSimmonds, F.J.
_9169112
901 _aPA-C 632.7 T45
902 _aA
905 _a000000196- WOO 0000000000 00
910 _a196-
942 _cPARA
942 _cPARA
_d1
999 _c203357
_d203357